01057nam a2200181Ia 4500001000900000003001000009008004100019040002500060041001300085100001200098245005000110250001100160260003700171500026200208501011400470520026200584650002900846L035-241IT-CnALBA170116s9999||||xx |||||||||||||| ||und|| aIT-CnALBAcIT-CnALBA aITALIANO aAA. VV. 0aENCICLOPEDIA POPOLARE ILLUSTRATA VOLL. II-XX  a1a ed. bEDOARDO PERINO'c [1° Ed.:1886] aMANCA VOL. I. STORIA GEOGRAFIA CRONOLOGIA. MITOLOGIA, ANTICHITÀ SCIENZE OCCULTE BLASONE INVENZIONI E SCOPERTE LINGUISTICA STORIA LETTERARIA POESIA MATEMATICA FISICA CHIMICA MECCANICA MEDICINA ANATOMIA GIURISPRUDENZA ASTRONOMIA METEOROLOGIA ECOLOGIA STORIA aSocietà San Paolo EM - Piazza San Paolo, 14 - 12051 ALBA (CN) (non commercial uses only) ® Copyright 2017 aMANCA VOL. I. STORIA GEOGRAFIA CRONOLOGIA. MITOLOGIA, ANTICHITÀ SCIENZE OCCULTE BLASONE INVENZIONI E SCOPERTE LINGUISTICA STORIA LETTERARIA POESIA MATEMATICA FISICA CHIMICA MECCANICA MEDICINA ANATOMIA GIURISPRUDENZA ASTRONOMIA METEOROLOGIA ECOLOGIA STORIA aENCICLOPEDIE IN ITALIANO